000 00923nas a2200301 4500
001 BR2018001161
003 BR-BrBNA
005 20231205131334.0
007 ta
008 230509b bl.|||p| |||| 00| 00por d
040 _aBR-BrBNA
_bpor
_cBiblioteca Nacional de Agricultura
041 _a(En)
072 _aT01
100 1 _aMachado, H.M.
100 1 _aAmaral Sobrinho, N.M.B. do
100 1 _aCorreia, M.E.F.
100 1 _aMagalhães, M.O.L.
100 1 _aLima, E.S.A.
245 1 _aToxicity of drilling waste from oil wells on oligochaeta
650 _aANÁLISE DO SOLO
650 _aCONTAMINAÇÃO
650 _aSÓDIO
650 _aBÁRIO
773 0 _tFloresta e Ambiente (Brazil)
_xISSN 2179-8087
_g(2018), v. 25(4) p. 1-8
_wBR2018001161
856 4 0 _uhttp://www.scielo.br/pdf/floram/v25n4/2179-8087-floram-25-4-e20160320.pdf
909 _a202311
_bLúcia
_c55
_dLúcia Elande
942 _2AGRIS
_n0
_cANA
999 _c254275
_d254275